|
|
|
|
| LEADER |
00752nam a2200253 a 4500 |
| 001 |
adlib96000001 |
| 003 |
ViArRB |
| 005 |
20151026132342.0 |
| 008 |
960221s1955 dcuabcdjdbkoqu001 0deng d |
| 020 |
|
|
|a 9780824740221
|
| 022 |
|
|
|
| 040 |
|
|
|a Adlib
|
| 082 |
|
|
|a 519.224
|
| 245 |
|
|
|a Advances on models, characterizations and applications
|
| 250 |
|
|
|
| 260 |
|
|
|a Boca Raton
|b Chapman & Hall/CRC
|c 2005
|
| 300 |
|
|
|a xvii, 234p
|
| 500 |
|
|
|a
|
| 100 |
|
|
|a Balakrishnan, N.
|
| 700 |
|
|
|a Bairamov, I.G.
|a Gebizlioglu, O.L.
|
| 942 |
|
|
|c BK
|6 _
|
| 653 |
|
|
|a Models- Statistics
|a Distributions- (Probability theory)
|
| 999 |
|
|
|c 46913
|d 46913
|
| 952 |
|
|
|0 0
|1 0
|4 0
|6 519224_BAL
|7 0
|9 59451
|a UL
|b UL
|d 2010-06-16
|o 519.224 BAL
|p 00059661
|r 2010-06-16
|w 2010-06-16
|y BK
|